[Event "48th Groningen Open A"]
[Site "Groningen NED"]
[Date "2011.12.22"]
[Round "2.4"]
[White "Zherebukh, Yaroslav"]
[Black "Pijpers, Arthur"]
[Result "1-0"]
[WhiteElo "2594"]
[BlackElo "2332"]
[PlyCount "67"]
[EventDate "2011.12.21"]

1. e4 c5 2. Nf3 d6 3. d4 Nf6 4. Nc3 cxd4 5. Nxd4 g6 6. Be3 Bg7 7. f3 Nc6 8. Qd2
O-O 9. Bc4 Bd7 10. O-O-O Rc8 11. Bb3 Ne5 12. h4 h5 13. Kb1 Nc4 14. Bxc4 Rxc4
15. Nde2 b5 16. Bh6 b4 17. Bxg7 Kxg7 18. Nd5 Nxd5 19. exd5 e5 20. dxe6 Bxe6 21.
Nd4 Qf6 22. b3 Rc3 23. Ne2 Rc5 24. Qxb4 Rfc8 25. Rd2 Bf5 26. Rc1 Qe7 27. Ng3
Be6 28. Ne4 Rd5 29. Rxd5 Bxd5 30. Qxd6 Qxd6 31. Nxd6 Rd8 32. Nb5 Bc6 33. Nxa7
Be8 34. c4 1-0

[Event "48th Groningen Open A"]
[Site "Groningen NED"]
[Date "2011.12.22"]
[Round "2.5"]
[White "Ruck, Robert"]
[Black "Georgiadis, Nico"]
[Result "1-0"]
[WhiteElo "2579"]
[BlackElo "2316"]
[PlyCount "99"]
[EventDate "2011.12.21"]

1. c4 c5 2. Nf3 g6 3. e4 Nc6 4. d4 cxd4 5. Nxd4 Nf6 6. Nc3 d6 7. Nc2 Bg7 8. Be2
O-O 9. O-O Nd7 10. Bd2 a5 11. Ne3 Nc5 12. f3 Nd4 13. Kh1 f5 14. exf5 Bxf5 15.
Nxf5 Nxf5 16. f4 e6 17. Rb1 Rc8 18. Bf3 Qh4 19. Ne2 e5 20. g3 Qe7 21. Nc3 e4
22. Bg2 Rce8 23. Nd5 Qd7 24. Ne3 Nd3 25. b3 Bd4 26. Qe2 b6 27. Nc2 Bc5 28. Bc3
d5 29. cxd5 Qxd5 30. Rbd1 Qb7 31. Rxd3 exd3 32. Qxd3 Rd8 33. Qxd8 Qxg2+ 34.
Kxg2 Rxd8 35. a3 Rc8 36. Rf3 Bf8 37. Kh3 h5 38. b4 a4 39. Ne1 Be7 40. Rd3 Nd6
41. Nf3 Nc4 42. Ne5 Nxe5 43. Bxe5 Rc6 44. Rd7 Bf6 45. Bxf6 Rxf6 46. Rb7 Rd6 47.
Kh4 Kf8 48. Kg5 Kg8 49. Ra7 b5 50. Rb7 1-0

[Event "48th Groningen Open A"]
[Site "Groningen NED"]
[Date "2011.12.22"]
[Round "2.6"]
[White "Rapport, Richard"]
[Black "Tarasova, Viktoriya"]
[Result "1-0"]
[WhiteElo "2534"]
[BlackElo "2294"]
[PlyCount "101"]
[EventDate "2011.12.21"]

1. Nf3 d5 2. d4 Nf6 3. c4 c6 4. Nc3 dxc4 5. a4 Bf5 6. Ne5 Nbd7 7. Nxc4 Qc7 8.
Qd2 Be6 9. e4 Bxc4 10. Bxc4 e5 11. dxe5 Nxe5 12. Be2 Bc5 13. O-O O-O 14. g3
Rad8 15. Qc2 Rfe8 16. Kg2 Qe7 17. f4 Ned7 18. Bf3 Nf8 19. e5 N6d7 20. a5 Ne6
21. Ne2 a6 22. Qc4 Kh8 23. Qb3 Ndf8 24. Ra4 Ba7 25. Qc2 Nd4 26. Nxd4 Bxd4 27.
b3 Ba7 28. Ba3 Qe6 29. Bd6 Bb8 30. Bxb8 Rxb8 31. Rd1 Qe7 32. Rad4 Rbd8 33. Qd2
Rxd4 34. Qxd4 Qc7 35. b4 Kg8 36. Bg4 g6 37. Kf2 Qe7 38. Qd6 Qxd6 39. Rxd6 h5
40. Bh3 Kg7 41. Ke3 g5 42. Bf5 gxf4+ 43. gxf4 Re7 44. Ke4 Re8 45. Kd4 Re7 46.
Bh3 Ne6+ 47. Bxe6 fxe6 48. Ke4 Kf7 49. f5 exf5+ 50. Kxf5 Ke8 51. Re6 1-0

[Event "48th Groningen Open A"]
[Site "Groningen NED"]
[Date "2011.12.22"]
[Round "2.10"]
[White "Thesing, Matthias"]
[Black "Maatman, Nick"]
[Result "1/2-1/2"]
[WhiteElo "2409"]
[BlackElo "2029"]
[PlyCount "132"]
[EventDate "2011.12.21"]

1. e4 e6 2. d4 d5 3. Nc3 Bb4 4. Nge2 Nf6 5. Bg5 dxe4 6. a3 Be7 7. Bxf6 gxf6 8.
Nxe4 b6 9. g4 Bb7 10. Bg2 Qc8 11. N2g3 Rg8 12. Qf3 Nd7 13. O-O-O c5 14. Nd6+
Bxd6 15. Qxb7 Qxb7 16. Bxb7 Rd8 17. Bc6 Ke7 18. dxc5 Nxc5 19. b4 Nd7 20. Bxd7
Rxd7 21. f3 Bf4+ 22. Kb1 Rxd1+ 23. Rxd1 Bxg3 24. hxg3 f5 25. gxf5 Rxg3 26. fxe6
Kxe6 27. Rh1 Rxf3 28. Kb2 Kd5 29. Rxh7 Kc4 30. Rh8 Kb5 31. Ra8 a6 32. Rc8 a5
33. bxa5 Kxa5 34. Ra8+ Kb5 35. c3 Kc4 36. Rc8+ Kb5 37. Kb3 Ka6 38. a4 Kb7 39.
Re8 Rf5 40. Re7+ Kc6 41. Kb4 Kd6 42. Ra7 Kc6 43. Ra8 Kb7 44. Rh8 Kc7 45. Rh6
Kb7 46. Rh4 Kc6 47. Re4 Kd6 48. Re8 Kd7 49. Rf8 Kc7 50. c4 Kc6 51. Re8 Kd7 52.
Ra8 Kc7 53. Ra7+ Kc6 54. Re7 Kd6 55. Re1 Kd7 56. Rh1 Kc7 57. Rh6 Kb7 58. Kc3
Ra5 59. Rf6 Rxa4 60. Rxf7+ Kc6 61. Rf4 Ra5 62. Kb4 Rc5 63. Rg4 Kb7 64. Rd4 Kc7
65. Rh4 Kc6 66. Rh7 Kd6 1/2-1/2

[Event "48th Groningen Open A"]
[Site "Groningen NED"]
[Date "2011.12.22"]
[Round "2.11"]
[White "Theulings, Paul-Peter"]
[Black "Poetsch, Hagen"]
[Result "0-1"]
[WhiteElo "2128"]
[BlackElo "2408"]
[PlyCount "52"]
[EventDate "2011.12.21"]

1. Nf3 Nf6 2. c4 e6 3. Nc3 Bb4 4. Qc2 d5 5. a3 Bxc3 6. Qxc3 c5 7. e3 Nc6 8.
cxd5 Qxd5 9. b3 O-O 10. Bb2 b6 11. Bc4 Qd6 12. h3 Bb7 13. Nh2 e5 14. Ng4 Rad8
15. O-O-O Rfe8 16. Nxf6+ Qxf6 17. f4 exf4 18. Qxf6 gxf6 19. Bxf6 Rd6 20. Bg5
fxe3 21. dxe3 Rg6 22. Bf4 Na5 23. Bb5 Rxg2 24. Rd3 Be4 25. Rc3 Rd8 26. Rd1
Nxb3+ 0-1

[Event "48th Groningen Open A"]
[Site "Groningen NED"]
[Date "2011.12.22"]
[Round "2.12"]
[White "Van Overdam, Julian"]
[Black "Kovchan, Alexander"]
[Result "0-1"]
[WhiteElo "2244"]
[BlackElo "2573"]
[PlyCount "70"]
[EventDate "2011.12.21"]

1. e4 c5 2. Nc3 a6 3. f4 b5 4. d3 Bb7 5. Qe2 Nc6 6. Nf3 e6 7. g3 Nd4 8. Nxd4
cxd4 9. Nd1 Rc8 10. c3 d5 11. Bg2 dxe4 12. Bxe4 Bxe4 13. Qxe4 Bc5 14. Kf1 Nf6
15. Qf3 dxc3 16. bxc3 O-O 17. Bb2 Qd6 18. a3 Bb6 19. Nf2 Nd5 20. Ne4 Qc6 21.
Rc1 Rfd8 22. d4 f5 23. Nd2 Ba5 24. Nb1 Qc4+ 25. Kg2 Qa2 26. Qf2 Nf6 27. Rhe1
Ne4 28. Qe2 Rc6 29. Rc2 Rdc8 30. Rec1 Qd5 31. Kg1 Bb6 32. Qd3 Nc5 33. Qe2 Nb3
34. Qd3 Nxc1 35. Rxc1 Bxd4+ 0-1

[Event "48th Groningen Open A"]
[Site "Groningen NED"]
[Date "2011.12.22"]
[Round "2.13"]
[White "Clemens, Adrian"]
[Black "Durarbeyli, Vasif"]
[Result "0-1"]
[WhiteElo "2226"]
[BlackElo "2539"]
[PlyCount "79"]
[EventDate "2011.12.21"]

1. d4 Nf6 2. c4 c5 3. d5 b5 4. Nf3 bxc4 5. Nc3 g6 6. e4 d6 7. Bxc4 Bg7 8. O-O
O-O 9. h3 Ba6 10. Bxa6 Nxa6 11. Qe2 Nc7 12. Rd1 Nd7 13. Bf4 Rb8 14. Rab1 Rb4
15. a3 Rb6 16. e5 Re8 17. exd6 exd6 18. Qd3 Qb8 19. Ne4 Bf8 20. b3 Qb7 21. Bg3
Nb5 22. Nfd2 Ra6 23. a4 Nd4 24. b4 Rxa4 25. bxc5 Qxd5 26. Bxd6 Bxd6 27. cxd6
Qf5 28. Re1 Ne5 29. Qg3 Kg7 30. Nc5 Ra2 31. d7 Nxd7 32. Rxe8 Rxd2 33. Rbe1 Qxc5
34. Qe3 Qd6 35. Qc3 Nf6 36. R8e7 Nc6 37. R7e3 h5 38. Qa1 a5 39. Rc1 Nd4 40.
Rce1 0-1

[Event "48th Groningen Open A"]
[Site "Groningen NED"]
[Date "2011.12.22"]
[Round "2.14"]
[White "Ypma, Peter"]
[Black "Brandenburg, Daan"]
[Result "1-0"]
[WhiteElo "2105"]
[BlackElo "2519"]
[PlyCount "89"]
[EventDate "2011.12.21"]

1. e4 e6 2. d4 d5 3. exd5 exd5 4. Bd3 Bd6 5. Ne2 Nf6 6. Bf4 O-O 7. O-O Re8 8.
Bxd6 Qxd6 9. h3 Nc6 10. c3 Ne7 11. Ng3 Ng6 12. Nd2 Nf4 13. Nf3 g6 14. Ne5 Bxh3
15. gxh3 Nxh3+ 16. Kh2 Nf4 17. Qf3 Nxd3 18. Qxd3 Ne4 19. Nxe4 dxe4 20. Qg3 f5
21. f4 exf3 22. Rxf3 Rf8 23. Qf4 Rae8 24. Rg1 Rf6 25. Rg2 Re7 26. Kg1 a5 27.
Qg5 Kf8 28. Re2 Rfe6 29. Rg2 Rf6 30. Re2 Rfe6 31. Rfe3 Qd5 32. Qg2 Qxa2 33.
Qxb7 Kg7 34. Qg2 Qa4 35. Qf1 c5 36. d5 Rb6 37. c4 Qe8 38. Qf4 Qb8 39. Nd3 Rxe3
40. Qxb8 Rxb8 41. Rxe3 g5 42. Nxc5 Rxb2 43. d6 Rd2 44. d7 Kf7 45. Nd3 1-0

[Event "48th Groningen Open A"]
[Site "Groningen NED"]
[Date "2011.12.22"]
[Round "2.15"]
[White "Hoffmann, Michael1"]
[Black "De Jong, Migchiel"]
[Result "1-0"]
[WhiteElo "2499"]
[BlackElo "2367"]
[PlyCount "93"]
[EventDate "2011.12.21"]

1. d4 e6 2. Nf3 c5 3. g3 b5 4. Bg2 Bb7 5. O-O Nf6 6. Na3 a6 7. c4 bxc4 8. Nxc4
d5 9. Nfe5 Nbd7 10. Qa4 cxd4 11. Bg5 h6 12. Bxf6 gxf6 13. Nxd7 Qxd7 14. Qxd7+
Kxd7 15. Nb6+ Kd8 16. Nxa8 Bxa8 17. Rac1 f5 18. Rfd1 Bg7 19. f4 Kd7 20. Rc2 Rc8
21. Rxc8 Kxc8 22. Bf3 Bc6 23. Bh5 Be8 24. Kg2 Kd8 25. b3 a5 26. h3 Bb5 27. Kf3
Ke7 28. a4 Ba6 29. g4 fxg4+ 30. hxg4 e5 31. fxe5 Bxe5 32. Rc1 d3 33. exd3 Bxd3
34. Rc5 Be4+ 35. Ke3 Bf6 36. Rxa5 Bg5+ 37. Kd4 Bf6+ 38. Kc5 d4 39. Ra7+ Ke6 40.
Bxf7+ Ke5 41. Rd7 Bg5 42. Bc4 Be3 43. Kb5 Kf4 44. a5 Kxg4 45. a6 h5 46. Bd5
Bd3+ 47. Ka5 1-0

[Event "48th Groningen Open A"]
[Site "Groningen NED"]
[Date "2011.12.22"]
[Round "2.16"]
[White "Bok, Benjamin"]
[Black "Kerigan, Demre"]
[Result "1-0"]
[WhiteElo "2513"]
[BlackElo "2192"]
[PlyCount "69"]
[EventDate "2011.12.21"]

1. e4 d6 2. d4 Nf6 3. Nc3 g6 4. f4 Bg7 5. Bd3 O-O 6. Nf3 Nh5 7. Be3 Bg4 8. h3
Bxf3 9. Qxf3 e5 10. fxe5 dxe5 11. d5 Qh4+ 12. Bf2 Qe7 13. O-O-O Nd7 14. Kb1 a6
15. g3 b5 16. Be2 Rfb8 17. Qg2 Nhf6 18. g4 Ne8 19. h4 Nd6 20. h5 Bf6 21. hxg6
fxg6 22. g5 Bxg5 23. Bg4 h6 24. Bxd7 Qxd7 25. Bh4 Qe7 26. Bxg5 Qxg5 27. Qh3 Nf7
28. Rhg1 Qf6 29. d6 cxd6 30. Nd5 Qg7 31. Rxg6 Qxg6 32. Ne7+ Kg7 33. Nxg6 Kxg6
34. Qe6+ Kg7 35. Rg1+ 1-0

[Event "48th Groningen Open A"]
[Site "Groningen NED"]
[Date "2011.12.22"]
[Round "2.19"]
[White "Afek, Yochanan"]
[Black "Knol, Geon"]
[Result "1-0"]
[WhiteElo "2301"]
[BlackElo "2152"]
[PlyCount "97"]
[EventDate "2011.12.21"]

1. e4 c6 2. d4 d5 3. exd5 Qxd5 4. c4 Qd8 5. Nc3 Nf6 6. h3 g6 7. Nf3 Bg7 8. Bd3
O-O 9. O-O b6 10. Re1 Re8 11. Bf4 Bb7 12. Qd2 Nbd7 13. Rad1 Nf8 14. Bc2 a6 15.
Ne5 b5 16. b3 Qa5 17. Ne4 Qxd2 18. Bxd2 N6d7 19. Ba5 Nxe5 20. dxe5 Ne6 21. Nc3
Rab8 22. Kf1 Nf4 23. g3 Ne6 24. f4 c5 25. Be4 bxc4 26. bxc4 Bxe4 27. Nxe4 Rb2
28. Rd2 Reb8 29. Bc3 Rxd2 30. Nxd2 h5 31. h4 Rd8 32. Ne4 Rb8 33. Rd1 a5 34. Ke2
a4 35. Rd7 f5 36. Nd2 Bf8 37. Ra7 Nd4+ 38. Kd3 Rd8 39. Bxd4 cxd4 40. Rxa4 e6
41. Ra6 Kf7 42. Nf3 Be7 43. Ra7 Kf8 44. Ng5 Rb8 45. Nxe6+ Ke8 46. c5 Rb1 47. c6
Rc1 48. Ra8+ Kf7 49. c7 1-0

[Event "48th Groningen Open A"]
[Site "Groningen NED"]
[Date "2011.12.22"]
[Round "2.20"]
[White "Pel, Bonno"]
[Black "Dehn, Marcus"]
[Result "1-0"]
[WhiteElo "2292"]
[BlackElo "2134"]
[PlyCount "49"]
[EventDate "2011.12.21"]

1. g3 d5 2. Bg2 c6 3. d3 Bf5 4. f4 e6 5. Nf3 Be7 6. Nc3 h6 7. O-O Nf6 8. Qe1
Bh7 9. e4 O-O 10. Kh1 Na6 11. e5 Nd7 12. g4 Kh8 13. Nd1 f6 14. exf6 Bxf6 15. g5
Be7 16. Bd2 Bf5 17. Ne3 Bg6 18. gxh6 Rxf4 19. Qg3 Rf6 20. Ng4 Qe8 21. hxg7+
Kxg7 22. Bc3 e5 23. Nfxe5 Bb4 24. Nxf6 Nxf6 25. Nxg6 1-0

[Event "48th Groningen Open A"]
[Site "Groningen NED"]
[Date "2011.12.22"]
[Round "2.21"]
[White "Sparenberg, Erik"]
[Black "Meng, Roger"]
[Result "1/2-1/2"]
[WhiteElo "2162"]
[BlackElo "2283"]
[PlyCount "134"]
[EventDate "2011.12.21"]

1. e4 c6 2. d4 d5 3. Nc3 dxe4 4. Nxe4 Nf6 5. Ng5 h6 6. N5f3 Bf5 7. Bd3 Bxd3 8.
Qxd3 e6 9. Ne2 Bd6 10. Bf4 Qa5+ 11. c3 Bxf4 12. Nxf4 Nbd7 13. O-O O-O 14. Rfe1
Rfd8 15. Qe2 Nd5 16. Nxd5 Qxd5 17. Ne5 Nf6 18. Ng4 Nd7 19. Ne5 Rac8 20. Qh5
Nxe5 21. Rxe5 Qc4 22. Qf3 Rd5 23. Rxd5 cxd5 24. Qd1 b5 25. Qf1 Qc6 26. a3 a5
27. Qd3 Qb6 28. Re1 b4 29. axb4 axb4 30. g3 Qa5 31. Rc1 h5 32. Qd2 Qc7 33. Qe2
g6 34. Kg2 Kg7 35. h4 Qb6 36. Qe3 Qc6 37. Kh2 Qc4 38. Qe5+ Kg8 39. Qe3 Rc7 40.
Qd2 Rc6 41. Kg2 Rc8 42. Qe3 Kg7 43. Qe5+ Kh7 44. Qe3 Qb3 45. Qd2 Qc4 46. Qe3
Qc6 47. Qf4 Kg7 48. Qe3 Rc7 49. Qe2 f6 50. Kh2 Qd6 51. Qe3 Qc6 52. Qf4 Qb6 53.
Qe3 bxc3 54. Rxc3 Rxc3 55. bxc3 Qd6 56. f4 Qb6 57. Qe2 Kf7 58. Qa2 Qc7 59. Qb3
Kg7 60. Kg2 Qa7 61. Qb4 Kf7 62. Qd6 Qb7 63. Qd8 Qb2+ 64. Kh3 Qc1 65. Qd7+ Kf8
66. Qd8+ Kf7 67. Qd7+ Kf8 1/2-1/2

[Event "48th Groningen Open A"]
[Site "Groningen NED"]
[Date "2011.12.22"]
[Round "2.22"]
[White "Heemskerk, Wim"]
[Black "Cako, Laszlo"]
[Result "0-1"]
[WhiteElo "2264"]
[BlackElo "2111"]
[PlyCount "86"]
[EventDate "2011.12.21"]

1. Nf3 Nf6 2. g3 d5 3. Bg2 e6 4. O-O Be7 5. c4 c6 6. b3 b6 7. Bb2 O-O 8. d3 Ba6
9. Nbd2 Nbd7 10. Qc2 Rc8 11. Rad1 b5 12. e4 Qb6 13. e5 Ne8 14. h4 Nc7 15. Rfe1
Rfd8 16. Nf1 Rb8 17. Bd4 c5 18. Be3 h6 19. Rb1 Qa5 20. Bd2 Qb6 21. Ne3 Bb7 22.
Ng4 Bf8 23. h5 Rbc8 24. Re2 Nb8 25. Bxh6 Nc6 26. Bg5 dxc4 27. Bxd8 cxd3 28.
Qxd3 Rxd8 29. Qc3 Nd5 30. Qe1 b4 31. Rc1 Nd4 32. Rd2 Nc3 33. Ngh2 Ba6 34. Bf1
Bb7 35. Nxd4 cxd4 36. Bd3 Be7 37. f4 Qc6 38. Be4 Qxe4 39. Qxe4 Bxe4 40. Re1 Bc5
41. h6 Bb7 42. Ng4 d3+ 43. Kh2 Bf3 0-1

[Event "48th Groningen Open A"]
[Site "Groningen NED"]
[Date "2011.12.22"]
[Round "2.23"]
[White "Kappus, Stephan"]
[Black "Rietveld, Renze"]
[Result "0-1"]
[WhiteElo "2093"]
[BlackElo "2264"]
[PlyCount "78"]
[EventDate "2011.12.21"]

1. e4 c5 2. c3 g6 3. d4 cxd4 4. cxd4 d5 5. e5 Nc6 6. Nc3 Nh6 7. Bb5 Bg7 8. Nge2
O-O 9. O-O Nf5 10. Qa4 Na5 11. Qd1 a6 12. Bd3 Nc6 13. Bc2 e6 14. g4 Nh4 15. f4
f6 16. Be3 fxe5 17. dxe5 g5 18. Qd3 Ng6 19. Bc5 Rf7 20. Qh3 gxf4 21. Nxf4 Ncxe5
22. Nh5 Qc7 23. Bd4 Nf3+ 24. Rxf3 Bxd4+ 25. Kh1 Rxf3 26. Qxf3 Qf7 27. Qd3 Bh8
28. Rf1 Qe7 29. Bb3 Bd7 30. Nxd5 Bc6 31. Rf3 Qd8 32. Qe4 Be5 33. Nhf6+ Bxf6 34.
Qxe6+ Kg7 35. g5 Be5 36. Qf7+ Kh8 37. Rh3 Qg8 38. Qf3 Rf8 39. Qe4 Qf7 0-1

[Event "48th Groningen Open A"]
[Site "Groningen NED"]
[Date "2011.12.22"]
[Round "2.26"]
[White "Maris, Ivo"]
[Black "Galoyan, Levon"]
[Result "0-1"]
[WhiteElo "2022"]
[BlackElo "2231"]
[PlyCount "64"]
[EventDate "2011.12.21"]

1. e4 c5 2. Nf3 Nc6 3. d4 cxd4 4. Nxd4 Nf6 5. Nc3 e5 6. Ndb5 d6 7. Bg5 a6 8.
Na3 b5 9. Nd5 Be7 10. Bxf6 Bxf6 11. c4 b4 12. Nc2 a5 13. Be2 O-O 14. O-O Bg5
15. Bg4 Be6 16. b3 Rb8 17. Nce3 Qd7 18. h3 g6 19. h4 Bxh4 20. g3 Bd8 21. f4 f5
22. exf5 gxf5 23. Bh3 Qg7 24. Kh2 Qh6 25. Qd2 Rb7 26. Rad1 Rg7 27. fxe5 f4 28.
Nxf4 Rxf4 29. Rxf4 Qxh3+ 30. Kg1 Rxg3+ 31. Kf2 Bb6 32. Rg1 Rxg1 0-1

[Event "48th Groningen Open A"]
[Site "Groningen NED"]
[Date "2011.12.23"]
[Round "3.1"]
[White "Tiviakov, Sergei"]
[Black "Rapport, Richard"]
[Result "1-0"]
[WhiteElo "2650"]
[BlackElo "2534"]
[PlyCount "123"]
[EventDate "2011.12.21"]

1. e4 e5 2. Nf3 Nc6 3. Bb5 a6 4. Ba4 Nf6 5. d3 d6 6. c3 g6 7. Bg5 h6 8. Bh4 Be7
9. Nbd2 g5 10. Bg3 g4 11. Ng1 h5 12. Bh4 Nd7 13. Bxe7 Qxe7 14. Ne2 Nb6 15.
Bxc6+ bxc6 16. c4 c5 17. Nc3 Bd7 18. Nf1 Qg5 19. Ne3 Rb8 20. Qd2 h4 21. O-O-O
Na4 22. Nxa4 Bxa4 23. Rdf1 Bd7 24. f4 gxf3 25. Rxf3 f5 26. exf5 Bc6 27. Rh3 Kd7
28. Rg1 Rbg8 29. g3 Bf3 30. Rf1 Bc6 31. gxh4 Qh6 32. Rg3 Qxh4 33. Rxg8 Rxg8 34.
f6 Rf8 35. f7 Qh7 36. Ng4 Qh3 37. Qe2 Ke6 38. Kd2 Rxf7 39. Rxf7 Kxf7 40. Qf2+
Qf3 41. Qxf3+ Bxf3 42. Ne3 Ke6 43. h4 c6 44. Nf1 Bh5 45. Ng3 Bg6 46. Ne4 Bh5
47. a3 Bg6 48. Ke3 Ke7 49. b4 cxb4 50. axb4 Ke6 51. Ng3 Bh7 52. h5 Kf6 53. Ne4+
Bxe4 54. Kxe4 Kg5 55. h6 Kxh6 56. Kf5 Kg7 57. Ke6 c5 58. bxc5 dxc5 59. Kd5 Kf6
60. Kxc5 Ke6 61. Kb6 Kd7 62. c5 1-0

[Event "48th Groningen Open A"]
[Site "Groningen NED"]
[Date "2011.12.23"]
[Round "3.4"]
[White "Plat, Vojtech"]
[Black "Ruck, Robert"]
[Result "1/2-1/2"]
[WhiteElo "2425"]
[BlackElo "2579"]
[PlyCount "77"]
[EventDate "2011.12.21"]

1. e4 c5 2. Nf3 d6 3. c3 Nf6 4. Bc4 Nc6 5. Qe2 g6 6. d4 cxd4 7. cxd4 Bg4 8. Bb5
Nd7 9. Be3 Bg7 10. Bxc6 bxc6 11. Nbd2 Qb6 12. b3 d5 13. e5 O-O 14. h3 Bxf3 15.
gxf3 e6 16. f4 c5 17. dxc5 Nxc5 18. O-O Rfc8 19. Rfc1 Bf8 20. a3 a5 21. Bd4 Qb7
22. Qe3 Nd7 23. f5 Rxc1+ 24. Rxc1 Bxa3 25. f6 Bf8 26. Ra1 Qc6 27. Nf3 a4 28.
Rc1 Qb7 29. bxa4 Rxa4 30. Kg2 Ra3 31. Qe2 Bh6 32. Rc2 Bf8 33. Rb2 Qc6 34. Rc2
Qb7 35. Rb2 Rb3 36. Ra2 Qc7 37. Rc2 Qb7 38. Ra2 Ra3 39. Rb2 1/2-1/2

[Event "48th Groningen Open A"]
[Site "Groningen NED"]
[Date "2011.12.23"]
[Round "3.5"]
[White "Poetsch, Hagen"]
[Black "Romanov, Evgeny"]
[Result "1-0"]
[WhiteElo "2408"]
[BlackElo "2627"]
[PlyCount "103"]
[EventDate "2011.12.21"]

1. e4 e5 2. Nf3 Nc6 3. Bb5 a6 4. Bxc6 dxc6 5. O-O f6 6. d4 exd4 7. Nxd4 c5 8.
Ne2 Qxd1 9. Rxd1 Bd7 10. Be3 O-O-O 11. Nbc3 Re8 12. Rd2 Bc6 13. Rad1 b6 14. a4
Bd6 15. a5 b5 16. Rxd6 cxd6 17. Rxd6 Bb7 18. Bxc5 Nh6 19. Nd4 Re5 20. b4 Rd8
21. f4 Ree8 22. Rb6 Rd7 23. Kf2 Red8 24. Nc6 Re8 25. Na7+ Kd8 26. Naxb5 axb5
27. a6 Bxa6 28. Rxa6 Rb7 29. Kf3 Kd7 30. Rd6+ Kc7 31. Nd5+ Kb8 32. Ra6 Nf7 33.
Ne3 Kc7 34. Nf5 Rg8 35. Ne7 Re8 36. Nf5 Rg8 37. Nd4 Kd7 38. Nb3 Rgb8 39. Bd4
Ke8 40. Nc5 Re7 41. g4 h6 42. h4 Nd8 43. e5 fxe5 44. Bxe5 Rc8 45. Rg6 Nc6 46.
Bc3 Kf8 47. Ne6+ Kg8 48. Nxg7 Kh7 49. h5 Nxb4 50. Bf6 Nd5 51. Nf5 Nxf6 52.
Rxh6+ 1-0

[Event "48th Groningen Open A"]
[Site "Groningen NED"]
[Date "2011.12.23"]
[Round "3.6"]
[White "Klein, David"]
[Black "Ernst, Sipke"]
[Result "1/2-1/2"]
[WhiteElo "2378"]
[BlackElo "2593"]
[PlyCount "93"]
[EventDate "2011.12.21"]

1. e4 e5 2. Nf3 Nc6 3. d4 exd4 4. Nxd4 g6 5. Nc3 Bg7 6. Be3 Nf6 7. Nxc6 bxc6 8.
e5 Ng8 9. f4 Ne7 10. Be2 O-O 11. O-O d6 12. exd6 Nf5 13. Bf2 cxd6 14. Qd2 h5
15. Bf3 Qa5 16. Rab1 Rb8 17. Bxc6 Rxb2 18. Rxb2 Bxc3 19. Qc1 Nd4 20. Bf3 Nxf3+
21. gxf3 Ba6 22. Re1 Qf5 23. Rb3 Bxe1 24. Bxe1 Re8 25. Re3 Rxe3 26. Qxe3 Qxc2
27. Bc3 Qb1+ 28. Qe1 Qb5 29. Kg2 Kh7 30. Kg3 Bb7 31. Qd1 Qc6 32. Qd3 Kg8 33. h3
h4+ 34. Kxh4 Qc5 35. Qd4 Qh5+ 36. Kg3 Qxf3+ 37. Kh4 Qh5+ 38. Kg3 Qf3+ 39. Kh4
f6 40. Qxf6 Qh5+ 41. Kg3 Qf3+ 42. Kh4 Qf2+ 43. Kg5 Qg3+ 44. Kh6 Qxh3+ 45. Kxg6
Be4+ 46. Kg5 Qg3+ 47. Kh6 1/2-1/2

[Event "48th Groningen Open A"]
[Site "Groningen NED"]
[Date "2011.12.23"]
[Round "3.9"]
[White "Maatman, Nick"]
[Black "Hoffmann, Michael1"]
[Result "1-0"]
[WhiteElo "2029"]
[BlackElo "2499"]
[PlyCount "41"]
[EventDate "2011.12.21"]

1. d4 d5 2. c4 e6 3. Nc3 c5 4. cxd5 exd5 5. Nf3 Nc6 6. g3 Nf6 7. Bg5 Be7 8. Bg2
c4 9. O-O O-O 10. Rc1 Be6 11. b3 Qa5 12. bxc4 dxc4 13. e4 Bb4 14. Bxf6 Bxc3 15.
Qc2 Bb4 16. d5 gxf6 17. dxe6 b5 18. exf7+ Rxf7 19. e5 Be7 20. Qe4 Qb6 21. Nh4
1-0

[Event "48th Groningen Open A"]
[Site "Groningen NED"]
[Date "2011.12.23"]
[Round "3.10"]
[White "Rietveld, Renze"]
[Black "Bok, Benjamin"]
[Result "0-1"]
[WhiteElo "2264"]
[BlackElo "2513"]
[PlyCount "74"]
[EventDate "2011.12.21"]

1. e4 e5 2. Nf3 Nc6 3. Bb5 a6 4. Bxc6 dxc6 5. O-O Qe7 6. b3 Bg4 7. d3 O-O-O 8.
h3 Bh5 9. Ba3 Qe6 10. Bxf8 Rxf8 11. Nbd2 f6 12. Qe2 Ne7 13. Qe3 Kb8 14. b4 g5
15. Nb3 g4 16. Nc5 Qc8 17. hxg4 Bxg4 18. Nd2 Rfg8 19. Rfb1 b6 20. b5 cxb5 21.
a4 b4 22. Rxb4 Nc6 23. Rb2 Ka8 24. Ncb3 Bh3 25. g3 h5 26. a5 b5 27. Qc5 Nd8 28.
c4 h4 29. cxb5 hxg3 30. Qd5+ c6 31. bxc6 Be6 32. Nc4 Bxd5 33. Nb6+ Kb8 34. Nxc8
Kxc8 35. exd5 g2 36. f3 Rh1+ 37. Kf2 Rxa1 0-1

[Event "48th Groningen Open A"]
[Site "Groningen NED"]
[Date "2011.12.23"]
[Round "3.11"]
[White "Michiels, Bart"]
[Black "Pel, Bonno"]
[Result "1-0"]
[WhiteElo "2492"]
[BlackElo "2292"]
[PlyCount "67"]
[EventDate "2011.12.21"]

1. e4 d6 2. d4 g6 3. Nc3 Nf6 4. f4 Bg7 5. Nf3 O-O 6. Bd3 Na6 7. O-O c5 8. d5
Rb8 9. Bc4 Nc7 10. a4 a6 11. a5 Nd7 12. Na4 b5 13. axb6 Nxb6 14. Nxb6 Rxb6 15.
f5 gxf5 16. Ra3 Rb4 17. Nd2 fxe4 18. c3 Rxc4 19. Nxc4 Nb5 20. Ra4 e6 21. Ne3 f5
22. dxe6 Bxe6 23. Nd5 Nc7 24. Nxc7 Qxc7 25. Bf4 Qc6 26. Qxd6 Qxa4 27. Qxe6+ Rf7
28. Be5 Bxe5 29. Qxe5 Qc4 30. Rd1 h6 31. Rd8+ Rf8 32. Qg3+ Kf7 33. Rd7+ Ke8 34.
Qc7 1-0

[Event "48th Groningen Open A"]
[Site "Groningen NED"]
[Date "2011.12.23"]
[Round "3.12"]
[White "Meurs, Tom"]
[Black "Kuipers, Stefan"]
[Result "0-1"]
[WhiteElo "2247"]
[BlackElo "2396"]
[PlyCount "48"]
[EventDate "2011.12.21"]

1. e4 e6 2. d4 d5 3. Nd2 Nf6 4. e5 Nfd7 5. Bd3 c5 6. c3 Nc6 7. Ngf3 g6 8. Bc2
Bg7 9. h4 h6 10. Nb3 b6 11. Ng1 Ba6 12. a4 Qc7 13. f4 cxd4 14. Nxd4 Nxd4 15.
Qxd4 g5 16. Nf3 g4 17. Nh2 Nxe5 18. fxe5 Bxe5 19. Bf4 Bxf4 20. Qxh8+ Ke7 21.
Qd4 Bg3+ 22. Kd1 Bxh2 23. Qb4+ Bd6 24. Qd4 Bc5 0-1

[Event "48th Groningen Open A"]
[Site "Groningen NED"]
[Date "2011.12.23"]
[Round "3.13"]
[White "Galoyan, Levon"]
[Black "Van Assendelft, Floris"]
[Result "0-1"]
[WhiteElo "2231"]
[BlackElo "2357"]
[PlyCount "82"]
[EventDate "2011.12.21"]

1. d4 Nf6 2. c4 e6 3. Nc3 Bb4 4. e3 O-O 5. Nge2 Re8 6. a3 Bf8 7. Ng3 d5 8. Be2
c6 9. O-O Nbd7 10. e4 dxe4 11. Ngxe4 Nxe4 12. Nxe4 e5 13. dxe5 Nxe5 14. Bg5 f6
15. Be3 Bf5 16. Nc5 b6 17. Na6 Qc8 18. Qb3 c5 19. f4 Ng4 20. Bf3 Rxe3 21. Qd1
Rd3 22. Qe2 Rxf3 23. Qxf3 Bd7 24. Nc7 Rb8 25. Rfd1 Ne3 26. Na6 Bg4 27. Qxe3
Qxa6 28. Rdc1 Rd8 29. b3 Qc8 30. h3 Bf5 31. Rd1 Rd4 32. Kh1 Qd7 33. Qf3 Be4 34.
Rxd4 Qxd4 35. Qd1 Qe3 36. Qd7 f5 37. Ra2 Qxh3+ 38. Kg1 Qe3+ 39. Rf2 h6 40. Qxa7
Bd6 41. Qxb6 Bxf4 0-1

[Event "48th Groningen Open A"]
[Site "Groningen NED"]
[Date "2011.12.23"]
[Round "3.15"]
[White "Anurag, Mhamal"]
[Black "Thakur, Akash"]
[Result "1/2-1/2"]
[WhiteElo "2222"]
[BlackElo "2324"]
[PlyCount "33"]
[EventDate "2011.12.21"]

1. e4 d6 2. d4 Nf6 3. Nc3 e5 4. dxe5 dxe5 5. Qxd8+ Kxd8 6. Bg5 c6 7. O-O-O+
Nbd7 8. f4 exf4 9. e5 h6 10. Bxf4 Ng4 11. Ne4 g5 12. Be2 gxf4 13. Bxg4 Kc7 14.
Nf3 Nc5 15. Bxc8 Nxe4 16. Bf5 Nc5 17. Rhe1 1/2-1/2

[Event "48th Groningen Open A"]
[Site "Groningen NED"]
[Date "2011.12.23"]
[Round "3.16"]
[White "Georgiadis, Nico"]
[Black "Lyell, Mark"]
[Result "1-0"]
[WhiteElo "2316"]
[BlackElo "2189"]
[PlyCount "91"]
[EventDate "2011.12.21"]

1. e4 c6 2. Nf3 d5 3. exd5 cxd5 4. Ne5 Nd7 5. d4 Nxe5 6. dxe5 e6 7. Bd3 Ne7 8.
Nd2 Ng6 9. Nf3 Bc5 10. Qe2 O-O 11. Bg5 Qc7 12. O-O-O f6 13. exf6 Nf4 14. Qd2
Nxd3+ 15. Qxd3 gxf6 16. Be3 Bd7 17. Bxc5 Qxc5 18. Nd4 Rac8 19. f4 Kh8 20. Rhe1
Rfe8 21. Rd2 Qd6 22. Qe3 e5 23. fxe5 Rxe5 24. Qf2 Rxe1+ 25. Qxe1 Re8 26. Qf2
Re4 27. a3 Kg7 28. g3 Bg4 29. Kb1 Qe5 30. Ka2 Kf7 31. Nb5 Be2 32. Nd4 Bg4 33.
c3 a6 34. Nb3 Be2 35. Qb6 Bc4 36. Qxb7+ Kg6 37. a4 a5 38. Qb6 Re1 39. Ka3 Ra1+
40. Nxa1 Qe7+ 41. b4 Qe1 42. Nb3 Bxb3 43. Qf2 Qe4 44. Kxb3 Qc4+ 45. Kb2 axb4
46. Qd4 1-0